Responses for show #3901 - Monday, July 16, 2001

Alan Bailey game 3.

Contestants

[<< previous game]

Judith Danovitch, a graduate student from Coral Springs, Florida

Patrick Mahoney, an actor and director from the Bronx, New York

Alan Bailey, a playwright and director from Sherman Oaks, California (whose 2-day cash winnings total $21,601)

[next game >>]

Jeopardy! Round responses

"PO" FOLKS
MOVIE MANIA
WHERE THEY'RE FROM
TRANSPORTATION
PAST TENSE
STUPID ANSWERS
    $100 1
(Roman) Polanski

Judith
    $100 26
Halloween

Patrick
    $100 21
Cambridge

Judith
    $100 11
Norway

Patrick
    $100 16
sat

Patrick
    $100 6
(Patrick: Who is John Cusack?)

John Malkovich

PatrickJudith
    $200 2
Pocahontas

Judith
    $200 27
One Flew Over the Cuckoo's Nest

Judith
    $200 22
Orlando

Alan
    $200 12
stagecoach

Triple Stumper
    $200 17
wrought

Alan
    $200 7
The Band

Patrick
    $300 3
Emily Post

Judith
    $300 28
(Alex: [*]. Star Wars: Episode I.)

The Phantom Menace

Judith
    $300 23
(Judith: Who is Al Pacino?)

William Hurt

AlanJudith
    $300 13
Mitsubishi

Patrick
    $300 18
belated

Alan
    $300 8
Graves' Disease

Patrick
    $400 4
Polk

Alan
    $400 29
Billy Bob Thornton

Triple Stumper
    $400 24
New Orleans

Patrick
    $400 14
supersonic

Patrick
    $400 19
cracked

Judith
    $400 9
Belle Starr

Patrick
    $500 5
(Alexander) Pope

Patrick
    $500 30
Rabbit Test

Alan
    $500 25
(Jerry) Seinfeld

Patrick
    $1,000 15
(Patrick: What is an amusement park?)

monorail

Patrick
    $500 20
drawn

Triple Stumper
    $500 10
(James Montgomery) Flagg

Patrick

Scores at the first commercial break (after clue 15):

Alan Patrick Judith
$400 $1,600 $700

Scores at the end of the Jeopardy! Round:

Alan Patrick Judith
$1,900 $2,700 $1,400

Double Jeopardy! Round responses

WORLD LITERATURE
TIME TO RETIRE
(Alex: Don't look at me.)
FILL IN THE BLANK-ISTAN
TEAM PLAYERS, HALL OF FAME EDITION
(Alex: We'll give you the player, you name the team.)
NEGATIVE SCIENCE
6-LETTER WORDS
    $200 20
Arthur Conan Doyle

Judith
    $200 11
the Supreme Court

Judith
    $200 1
Afghanistan

Judith
    $200 14
the Dallas Cowboys

Patrick
    $200 26
(Alan: What's variable?)

unknown

AlanJudith
    $200 5
an abacus

Judith
    $400 21
Japan

Patrick
    $400 12
(Douglas) MacArthur

Alan
    $400 2
Pakistan

Judith
    $400 15
the New York Knicks

Patrick
    $400 27
unsaturated

Triple Stumper
    $400 7
aweigh

Triple Stumper
    $600 19
China

Judith
    $600 13
Gloria Swanson

Patrick
    $600 3
Uzbekistan

Judith
    $600 16
the Detroit Red Wings

Patrick
    $600 28
(Alex: We'll accept that; defoliant, [*], we're checking the dictionaries even as we get set for the next clue.)

defoliator

Judith
    $600 8
waffle

Patrick
    $800 22
Foucault's Pendulum

Judith
    $800 24
Hoover

Alan
    $800 4
Turkmenistan

Alan
    $800 17
(Patrick: Who are the Cleveland Browns?)
...
(Alex: Paul Hornung, place kicker and halfback for [*].)

the Green Bay Packers

Patrick
Triple Stumper
    $800 29
dehydrogenate

Judith
    $800 9
the sizzle

Alan
    $1000 23
(Patrick: Who is Sartre?)

(Albert) Camus

AlanPatrick
    $1000 25
Joan Sutherland

Alan
    $1,000 6
Kurdistan

Judith
    $1000 18
the Boston Celtics

Patrick
    $2,000 30
anticoagulant

Judith
    $1000 10
a pouter

Triple Stumper

Scores at the end of the Double Jeopardy! Round:

Alan Patrick Judith
$6,500 $4,700 $9,200

[wagering suggestions for these scores]

Final Jeopardy! Round responses

ANATOMY
(Alex: [To Alan] Johannes Kepler, the founder of modern optics.)
PatrickWhat is the brain?
$702
AlanWhat is the eye?
$6,500
JudithWhat is the heart?
$3,801
the eye

Final scores:

Alan Patrick Judith
$13,000 $3,998 $5,399
3-day champion: $34,601 3rd place: ticketsnow.com gift certificate 2nd place: Trip to Montego Bay, Jamaica

Game dynamics:

Coryat scores:

Alan Patrick Judith
$6,500 $5,700 $8,200
12 R,
1 W
19 R,
4 W
(including 1 DD)
21 R
(including 2 DDs),
1 W

Combined Coryat: $20,400

The J! Archive is created by fans, for fans. The Jeopardy! game show and all elements thereof, including but not limited to copyright and trademark thereto, are the property of Jeopardy Productions, Inc. and are protected under law. This website is not affiliated with, sponsored by, or operated by Jeopardy Productions, Inc. Join the discussion at JBoard.tv.